| 000 | nam a22 a 4500 | ||
|---|---|---|---|
| 999 |
_c3851 _d3851 |
||
| 003 | AKMAL | ||
| 005 | 20170524094822.0 | ||
| 008 | 170524t1987 xxu 00 eng d | ||
| 020 | _a0395349346 (pbk.) | ||
| 040 |
_aAKMAL _cAKMAL |
||
| 082 | 0 | 4 | _a808.4 COM |
| 090 | 0 | 0 |
_a808.4 _bCOM d |
| 100 | 1 |
_aComprone, Joseph J. _97607 |
|
| 245 | 1 | 0 |
_aPerspectives : _bturning reading into writing / _cJoseph J.Comprone |
| 260 |
_aBoston,USA : _bHoughton Mifflin, _c1987 |
||
| 300 | 0 | 0 |
_axiii, 946p. ; _c24cm |
| 504 | _aIncludes bibliographical references and index | ||
| 650 | 0 |
_aEnglish language _xRhetoric _91467 |
|
| 650 | 0 |
_aExposition (Rhetoric) _97572 |
|
| 650 | 0 |
_aCollege readers _91469 |
|
| 650 | 0 |
_aReport writing _94861 |
|
| 942 |
_2ddc _cBOOK |
||